书目信息 |
| 题名: |
信息高速公路与大众传播
|
|
| 作者: | 明安香 主编 | |
| 分册: | ||
| 出版信息: | 北京 华夏出版社 1999.02 |
|
| 页数: | 295页 | |
| 开本: | 32开 | |
| 丛书名: | ||
| 单 册: | ||
| 中图分类: | G206.3 | |
| 科图分类: | ||
| 主题词: | 信息论 , 传播学 | |
| 电子资源: | ||
| ISBN: | 7-5080-1742-0 | |
| 000 | 00592nam0 2200205 45 | |
| 001 | 0104051162 | |
| 005 | 20010405113511.5 | |
| 010 | @a7-5080-1742-0@d20.00元 | |
| 100 | @a20010405d1999 km y0chiy0120 ea | |
| 101 | 0 | @achi |
| 105 | @a z 000yy | |
| 200 | 1 | @a信息高速公路与大众传播@AXin Xi Gao Su Gong Lu Yu Da Zhong Chuan Bo@f明安香主编@FMing An Xiang Zhu Bian |
| 210 | @a北京@c华夏出版社@d1999.02 | |
| 215 | @a295页@d32开 | |
| 606 | 0 | @a信息论 |
| 606 | 0 | @a传播学 |
| 690 | @aG206.3@v3 | |
| 701 | 0 | @a明安香@4主编 |
| 801 | @aCN@bPftUser@c20010405 | |
| 905 | @b336209-211@dG206.3@eM880@f3 | |
| 信息高速公路与大众传播/明安香主编.-北京:华夏出版社,1999.02 |
| 295页;32开 |
| ISBN 7-5080-1742-0:20.00元 |
| ● |
| 相关链接 |
|
|
|
正题名:信息高速公路与大众传播
索取号:G206.3/M880
 
预约/预借
| 序号 | 登录号 | 条形码 | 馆藏地/架位号 | 状态 | 备注 |
| 1 | 336209 | 203362093 | 社科库409/409社科库 57排3列5层/ [索取号:G206.3/M880] | 在馆 | |
| 2 | 336210 | 203362100 | 社科库409/422社科库 52排1列5层/ [索取号:G206.3/M880] | 在馆 | |
| 3 | 336211 | 203362119 | 社科库409/409社科库 57排3列5层/ [索取号:G206.3/M880] | 在馆 |